000 00690cpcaa2200229 4500
001 mm 82076237
003 DLC
005 20260227111716.0
008 821220|||||||||||| eng
010 _amm 82076237
040 _aDLC
_cDLC
_edacs
_dDLC
072 7 _aL
_2lcmd
245 0 0 _aSermons,
_f1833-1842.
300 _a32
_fitems.
300 _a2
_fcontainers.
506 0 _aOpen to research.
520 8 _aUnidentified sermons.
546 _aCollection material in English.
650 0 _aSermons.
999 _c43730
_d43730